Disease progression in younger and elder patients with rheumatoid arthritis (RA)

Bibliographic Details
Main Authors: Ivanova, M. (Author), Karateyev, D. (Author)
Format: Article
Language:Slovak
English
Subjects:

MARC

LEADER 00000nab a2200000 a 4500
001 vtls000598319
003 SK-MaSNL
005 20260304094912.0
008 250425c1996 xo 0 slo
015 |a SNBRB19rr/mm-uuuuu 
035 |a CL0598458 
035 |a urn:nbn:sk:snk-ab6tge 
035 |a (uuid)029f73ec-aeb0-43be-8a0d-67bf0ee2d3c7 
035 |a (urnnbn)urn:nbn:sk:snk:ar-a07f3z 
035 |a (sysno)vtls000598319 
040 |a SNKBUCL  |b slo  |c SNKBUCL  |e AACR2 
041 0 |a eng 
044 |a xo  |c SK 
080 |a 616.72-002.77  |2 1981 
080 |a 616-004  |2 1981 
100 1 |a Ivanova, M.  |4 aut  |9 816949 
245 1 0 |a Disease progression in younger and elder patients with rheumatoid arthritis (RA)  |c M. Ivanova, D. Karateyev 
650 0 7 |a reumatoidná artritída  |2 snkbucl  |9 28588 
655 7 |a články z novín a časopisov  |2 snkbucl  |9 267496 
700 1 |a Karateyev, D.  |4 aut  |9 1391702 
773 0 |t Rheumatologia. Supplement 1  |g Roč. 10 (1996), s. 7 
850 |a Slovenská národná knižnica 
852 |a Slovenská národná knižnica 
958 |a article27 
958 |a RK 
958 |a MI 
958 |a NX 
958 |a OND 
958 |a EUIPO 
992 |a RBX 
999 |c 2829589  |d 2831519